| 000 | 00894nam a22002537a 4500 | ||
|---|---|---|---|
| 999 |
_c5676 _d5676 |
||
| 003 | AR-CdUCM | ||
| 008 | 190313b ||||| |||| 00| 0 spa d | ||
| 040 |
_aMUNICIPALIDAD PROVINCIAL DEL CUSCO _cBIBLIOTECA MUNICIPAL DEL CUSCO |
||
| 082 |
_a985.009 / _bP84 |
||
| 245 |
_aGonzales Prada; José Carlos Mariátegui / _cLuis Felipe Guerra M.; Antonio San Cristobal |
||
| 260 |
_aLima : _bUniversitaria, _c1964. |
||
| 300 |
_a150 páginas ; _c19 cm. |
||
| 440 |
_aBiblioteca hombres del Perú _n : XX _916924 |
||
| 440 |
_aSegunda serie _916781 |
||
| 500 | _aDonación de la familia Nieto. | ||
| 650 |
_aBiografías _9148 |
||
| 650 |
_aGonzales Prada _9268 |
||
| 650 |
_aJosé Carlos Mariátegui _916925 |
||
| 650 |
_aHombres del Perú - Biografías _92160 |
||
| 700 |
_aGuerra M., Luis Felipe _916926 |
||
| 700 |
_aSan Cristobal, Antonio _916927 |
||
| 942 |
_2ddc _cLIBROS |
||
| 945 | _alccs | ||